Statistics for European made American quiz

Click here to take the quiz!

General Stats

  • This quiz has been taken 33 times
  • The average score is 9 of 15

Answer Stats

QuestionAnswer% Correct
How many countries does the USA border?2
100%
The Statue of Liberty was a gift from the people of...France
100%
Which American President was diagnosed with poliomyelitis?Franklin D. Roosevelt
85%
This country sold Alaska to the US in the 19th century for 7,2 million dollars.Russian Empire
78%
Who is hosting "Survivor"?Jeff Brobst
70%
The Statue of Liberty is on this IslandLiberty Island
63%
This American President commissioned the Lewis and Clark ExpeditionThomas Jefferson
63%
Who crashed in Martha`s Vineyard in 1999?John F. Kennedy Jr.
59%
What is the capital of Alaska?Juneau
59%
The Oregon Trail. It started in Missouri. Where did it end?Oregon
59%
George Costanza`s favourite explorer is Hernando de Soto. What did de Soto discover?The Mississippi River
52%
"The Miracle on ice". Was famously won by...USA
52%
The tallest mountain in the US is Denali. How tall is it?20 310 feet
30%
And now... There was a World Cup competition in the US in the winter of 2024 in Minnesota with a massive attendance and a glorious win for an American. In which sport?Cross Country Skiing
26%
One of these cities will host games in the World Cup of Football/Soccer in 2026Kansas City
26%

Score Distribution

Percentile by Number Answered

Percent of People with Each Score

Your Score History

You have not taken this quiz